De iure, et privilegiis militum libri tres. Ad haec. De officio imperatoris liber, non magìs imperatori, quàm cuius alij communis prudentiae studioso, utilis. Cum singulorum capitum, vocum, & rerum indice lucuplentissimo / Claudii Coteraei turonensis iurisconsulti clarissimi

Detalles Bibliográficos
Autor principal: Coteraeus, Claudius
Formato: Libro
Lenguaje:Latin
Publicado: Lugduni : apud Steph. Doletum, 1539.
Materias:
Colección:Banco de datos
Acervo:Fondo Bibliográfico Antiguo Víctor Manuel Castillo de la Universidad de Ciencias y Artes de Chiapas
Descripción Física:[8], 250 h. ; f°
Tema general:Derecho civil
Notas:Portada tipográfica con grabado central xilográfico. Texto a renglón seguido con apostillas marginales. Incluye cabecera de título en grabado xilográfico. Incluye capitulares historiadas en grabado xilográfico. Encuadernación en pergamino sobre cartón. Daños de polilla
LEADER 01243nam a22001810004500
035 |a 1380 
041 0 |a lat 
100 1 |a Coteraeus, Claudius 
245 1 0 |a De iure, et privilegiis militum libri tres. Ad haec. De officio imperatoris liber, non magìs imperatori, quàm cuius alij communis prudentiae studioso, utilis. Cum singulorum capitum, vocum, & rerum indice lucuplentissimo / Claudii Coteraei turonensis iurisconsulti clarissimi 
260 |a Lugduni : apud Steph. Doletum, 1539. 
300 |a [8], 250 h. ; f° 
500 |a Portada tipográfica con grabado central xilográfico. Texto a renglón seguido con apostillas marginales. Incluye cabecera de título en grabado xilográfico. Incluye capitulares historiadas en grabado xilográfico. Encuadernación en pergamino sobre cartón. Daños de polilla  
504 |a Al principio de la obra están Argumenta capitum, Index vocum, et rerum in libris sequentibus notabilium, ordine alphabetico digestus, carta al lector y dos dedicatorias 
650 1 0 |a Derecho civil 
949 |a UNICACH, Colección de Víctor Manuel Castillo: 05794 
942 |c CHIACASTI 
943 |g Fondo Bibliográfico Antiguo Víctor Manuel Castillo de la Universidad de Ciencias y Artes de Chiapas 
999 |c 1099676  |d 1099676